000 00450ntaaa2200169 4500
003 01
005 20251027201933.0
008 0714s1973 ag 01
040 _aAR-BaBN
_bspa
_cAR-BaBN
_eaacr
_dRIC
082 _a245.0000 B91
100 _aBurghi, Juan
_917955
245 _aDe las palabras eternas y estampas bíblicas
250 _a1 ed. :
_bIglesia Evangélica Luterana Unida,
_c1956
300 _a77 p.
650 _aPoesías
_916354
942 _cBK
999 _c14107
_d14107